|
|
|
|
| LEADER |
00000nam a2200000 a 4500 |
| 001 |
vtls008418396 |
| 003 |
SK-MaSNL |
| 005 |
20260425222700.0 |
| 008 |
240318s2005 xo d p 000 0 slo |
| 015 |
|
|
|a SNBA2006/01-00224
|
| 020 |
|
|
|a 8071602035
|q (brož.)
|
| 035 |
|
|
|a BBEB6036-FBD1-4AA7-8A7D-9182C462B752
|
| 035 |
|
|
|a urn:nbn:sk:snk-amkuvk
|
| 035 |
|
|
|a urn:nbn:sk:snk-am004cyu
|
| 040 |
|
|
|a SNK
|b slo
|c SNK
|e AACR2
|
| 041 |
0 |
|
|a slo
|
| 043 |
|
|
|a e -xo---
|
| 044 |
|
|
|a xo
|c SK
|
| 072 |
|
7 |
|a 34
|x Právo
|2 konspekt
|
| 080 |
|
|
|a (437.6)
|2 1997
|
| 080 |
|
|
|a (075.8)
|2 1997
|
| 080 |
|
|
|a (076.1)
|2 1997
|
| 080 |
|
|
|a (091)
|2 1997
|
| 080 |
|
|
|a 34
|2 1997
|
| 100 |
1 |
|
|a Kolárik, Jozef,
|d 1975-
|4 aut
|9 227108
|
| 245 |
1 |
0 |
|a Právne dejiny Slovenska
|b pracovné zošity
|c Jozef Kolárik, Ladislav Vojáček
|n 1. časť
|p Právne dejiny Slovenska (9. storočie - 1918)
|
| 246 |
3 |
0 |
|a Právne dejiny Slovenska (9. storočie - 1918)
|
| 250 |
|
|
|a [1. vyd.]
|
| 260 |
|
|
|a Bratislava
|b Univerzita Komenského
|c 2005
|
| 300 |
|
|
|a 108 s.
|c 29 cm
|
| 504 |
|
|
|a Bibliogr. odkazy
|
| 648 |
|
7 |
|a 9. stor.-1918
|2 SNK
|9 310000
|
| 650 |
0 |
7 |
|a právo
|2 SNKPH
|9 976
|
| 651 |
|
7 |
|a Slovensko
|2 SNKPHgeo
|9 14231
|
| 655 |
|
7 |
|a učebnice vysokých škôl
|2 SNKPH
|9 70191
|
| 655 |
|
7 |
|a pracovné zošity
|2 SNKPH
|9 70188
|
| 700 |
1 |
|
|a Vojáček, Ladislav,
|d 1952-
|4 aut
|9 11809
|
| 919 |
|
|
|a 80-7160-203-5
|
| 968 |
|
|
|a d34
|
| 999 |
|
|
|c 565016
|d 566946
|
| 952 |
|
|
|a SNK
|b SNK
|y PREZ
|7 0
|p 17A0493333
|o snkSB 71512/1
|i snk2005/21168
|8 0
|0 0
|1 0
|4 0
|d 2005-12-13
|l 0
|r 2025-04-23 00:00:00
|w 2026-02-23
|
| 952 |
|
|
|a SNK
|b SNK
|y VYP
|7 0
|p 17A0493332
|o snkSB 71512/1 D1
|i snk2005/21170
|8 0
|0 0
|1 0
|4 0
|d 2005-12-13
|f 1
|l 0
|r 2016-06-30 00:00:00
|w 2026-02-23
|
| 952 |
|
|
|a SNK
|b SNK
|y VYP
|7 0
|p 17A0491777
|o snkSB 71512/1 D2
|i snk2006/1724
|8 0
|0 0
|1 0
|4 0
|d 2006-01-26
|l 0
|r 2026-02-23 13:55:07
|w 2026-02-23
|